Word Ladder: Save the Fat Quiz Stats

 Plays Quiz Updated Mar 21, 2016

Challenge
Share
Tweet
Embed
Score 0/18 Timer 02:00
4 Plays Today
Clue 4-Letter Word % Correct
Building for farm animalsBARN
98.4%
3 feetYARD
97.6%
Knitting necessityYARN
97.5%
Early part of the dayMORN
94.4%
Edible fat derived from an animalLARD
94%
A song for twoDUET
92.5%
The smallest in the litterRUNT
92%
Eat in the eveningDINE
91%
Oxidized ironRUST
90.5%
Clue 4-Letter Word % Correct
Small airborne particles of dirtDUST
90.3%
TV alien partnered with MindyMORK
89.2%
Max the quantum physicistBORN
88.8%
Relative of a nerdDORK
87.2%
Sci-fi series written by Frank HerbertDUNE
75%
An ancient characterRUNE
74.4%
A long-bladed daggerDIRK
69.7%
Member of a wealthy couple with no childrenDINK
68.5%
Edible fat derived from an animalSUET
65.3%

Today's Daily Dose

Missing Word
Hayao Miyazaki

Word Ladder
Florida

On This Day
December 13th II

You're not logged in!

Compare scores with friends on all Sporcle quizzes.
OR
Log In

You Might Also Like...

Show Comments

Extras

Top Quizzes Today


Score Distribution

Your Account Isn't Verified!

In order to create a playlist on Sporcle, you need to verify the email address you used during registration. Go to your Sporcle Settings to finish the process.

Report this User

Report this user for behavior that violates our Community Guidelines.

Details: